[Event "Oberliga Bayern 2324"]
[Site "Germany"]
[Date "2024.04.14"]
[Round "8.8"]
[White "Schechter, Dimitriy"]
[Black "Gerlach, Florian"]
[Result "1/2-1/2"]
[WhiteElo "2059"]
[BlackElo "1783"]
[PlyCount "79"]
[EventDate "2023.10.22"]
[EventType "team-tourn"]
[EventRounds "9"]
[EventCountry "GER"]
[SourceTitle "EXT 2025"]
[Source "ChessBase"]
[SourceDate "2024.10.14"]
[SourceVersion "1"]
[SourceVersionDate "2024.10.14"]
[SourceQuality "1"]
[WhiteTeam "Kriegshaber"]
[BlackTeam "Weilheim"]
[WhiteTeamCountry "GER"]
[BlackTeamCountry "GER"]

1. d4 Nf6 2. Nf3 g6 3. c4 Bg7 4. g3 c6 5. Bg2 0-0 6. 0-0 d5 7. b3 dxc4 8. bxc4 c5 9. e3 Nc6 10. Bb2 Ne4 11. Nbd2 Nxd2 12. Qxd2 Qb6 13. Rfd1 Rd8 14. Bc3 Bf5 15. d5 Bxc3 16. Qxc3 Qb4 17. Qxb4 Nxb4 18. Ne1 Rab8 19. e4 Bd7 20. a3 Na6 21. Rab1 f6 22. Rb2 Nc7 23. Nd3 b6 24. f4 Ba4 25. Re1 e6 26. Bh3 Kf7 27. Kf2 exd5 28. exd5 Re8 29. Bf1 Bd7 30. Rd2 Rxe1 31. Kxe1 Ne8 32. Nf2 Nd6 33. Bd3 Re8+ 34. Re2 Ba4 35. Rxe8 Kxe8 36. Ne4 Ke7 37. Kd2 Nxe4+ 38. Bxe4 b5 39. Kc3 Kd6 40. Bf3 1/2-1/2

[Event "Oberliga Bayern 1112"]
[Site "Bayern"]
[Date "2012.02.26"]
[Round "7.7"]
[White "Schechter, Dimitriy"]
[Black "Majer, Damir"]
[Result "1/2-1/2"]
[WhiteElo "2061"]
[BlackElo "2173"]
[PlyCount "49"]
[EventDate "2011.10.02"]
[EventType "team-tourn"]
[EventRounds "9"]
[EventCountry "GER"]
[SourceTitle "EXT 2015"]
[Source "ChessBase"]
[SourceDate "2014.11.20"]
[SourceVersion "1"]
[SourceVersionDate "2014.11.20"]
[SourceQuality "1"]
[WhiteTeam "Kriegshaber"]
[BlackTeam "Bayern Muenchen II"]
[WhiteTeamCountry "GER"]
[BlackTeamCountry "GER"]

1. e4 e6 2. d4 d5 3. Nd2 dxe4 4. Nxe4 Bd7 5. Nf3 Bc6 6. Bd3 Nd7 7. 0-0 Ngf6 8. Nxf6+ Qxf6 9. Qe2 Bxf3 10. Qxf3 Qxf3 11. gxf3 Bd6 12. c4 0-0-0 13. Be3 c5 14. dxc5 Bxc5 15. Rfd1 Kc7 16. Be2 b6 17. Rab1 a5 18. f4 Nf6 19. Bf3 Rxd1+ 20. Rxd1 Ne8 21. b3 Nd6 22. Kf1 Rd8 23. Ke2 g6 24. Bg2 Rd7 25. Rd3 1/2-1/2

[Event "Landesliga Sued 0910"]
[Site "Bayern"]
[Date "2010.02.07"]
[Round "6.5"]
[White "Haas, Peter"]
[Black "Schechter, Dimitriy"]
[Result "1/2-1/2"]
[WhiteElo "2043"]
[BlackElo "2067"]
[PlyCount "59"]
[EventDate "2009.10.18"]
[EventType "team-tourn"]
[EventRounds "9"]
[EventCountry "GER"]
[SourceTitle "EXT 2011"]
[Source "ChessBase"]
[SourceDate "2010.11.26"]
[SourceVersion "1"]
[SourceVersionDate "2010.11.26"]
[SourceQuality "1"]
[WhiteTeam "Sendling"]
[BlackTeam "Kriegshaber"]
[WhiteTeamCountry "GER"]
[BlackTeamCountry "GER"]

1. e4 c5 2. Nf3 Nc6 3. Bb5 g6 4. 0-0 Bg7 5. Re1 Nf6 6. c3 0-0 7. d4 cxd4 8. e5 Ne8 9. cxd4 d6 10. Nc3 Nc7 11. Bxc6 bxc6 12. Bg5 Ne6 13. exd6 Qxd6 14. Bh4 Re8 15. Qa4 Nxd4 16. Nxd4 Qxd4 17. Rxe7 Rxe7 18. Bxe7 Qxa4 19. Nxa4 Be6 20. h4 Rb8 21. Rc1 Bd5 22. Nc3 Be6 23. Na4 Bxa2 24. Rxc6 Be5 25. Ra6 Rb7 26. Bc5 Bb3 27. Nc3 Bc4 28. Rxa7 Rxb2 29. Ra8+ Rb8 30. Rxb8+ 1/2-1/2

[Event "Landesliga Sued 0910"]
[Site "Bayern"]
[Date "2009.11.29"]
[Round "3.4"]
[White "Wagner, Hans2"]
[Black "Schechter, Dimitriy"]
[Result "1/2-1/2"]
[WhiteElo "2133"]
[BlackElo "2067"]
[PlyCount "179"]
[EventDate "2009.10.18"]
[EventType "team-tourn"]
[EventRounds "9"]
[EventCountry "GER"]
[SourceTitle "EXT 2011"]
[Source "ChessBase"]
[SourceDate "2010.11.26"]
[SourceVersion "1"]
[SourceVersionDate "2010.11.26"]
[SourceQuality "1"]
[WhiteTeam "Rottal"]
[BlackTeam "Kriegshaber"]
[WhiteTeamCountry "GER"]
[BlackTeamCountry "GER"]

1. Nf3 d5 2. g3 Nf6 3. Bg2 e6 4. c4 Be7 5. 0-0 0-0 6. d3 c6 7. a3 a5 8. b3 Nbd7 9. Bb2 b5 10. cxb5 cxb5 11. Nbd2 Bb7 12. Rc1 Qb6 13. Qc2 Rac8 14. Qb1 Rfd8 15. Rxc8 Rxc8 16. Rc1 Rxc1+ 17. Qxc1 Bc5 18. d4 Bd6 19. e3 Qc7 20. Bf1 Qxc1 21. Bxc1 b4 22. axb4 Bxb4 23. Bb5 Kf8 24. Ne1 Ke7 25. Nc2 Bd6 26. f3 Ne8 27. Nb1 Nb8 28. Kf2 Nc7 29. Bd3 Ba6 30. Ke2 Nc6 31. Nc3 Bxd3+ 32. Kxd3 Kd7 33. e4 Nb4+ 34. Nxb4 Bxb4 35. Na2 Na6 36. Be3 Kc6 37. Nxb4+ Nxb4+ 38. Kc3 Kb5 39. Bf4 Na2+ 40. Kb2 Nb4 41. Kc3 Kc6 42. Be3 h5 43. e5 Kb5 44. Bg5 Nc6 45. h3 a4 46. bxa4+ Kxa4 47. g4 g6 48. Bh6 Na7 49. Bf8 Nb5+ 50. Kd3 Kb3 51. gxh5 gxh5 52. h4 Nc3 53. Bc5 Na4 54. Ba7 Nc3 55. Bb6 Nd1 56. Bd8 Nb2+ 57. Ke3 Nc4+ 58. Kd3 Nb2+ 59. Ke3 Kc3 60. Ba5+ Kc2 61. Kf4 Nc4 62. Bb4 Kd3 63. Bc5 Nd2 64. Kg5 Nxf3+ 65. Kxh5 Nxd4 66. Bxd4 Kxd4 67. Kg5 Ke4 68. h5 d4 69. h6 d3 70. h7 d2 71. h8Q d1Q 72. Qh4+ Kxe5 73. Qf4+ Kd5 74. Qxf7 Qg1+ 75. Kh4 Qh2+ 76. Kg4 Qg2+ 77. Kh4 Qe4+ 78. Kg3 Kd4 79. Qa7+ Kd3 80. Qa3+ Ke2 81. Qb2+ Kd3 82. Qb3+ Kd4 83. Qb4+ Ke5 84. Qb8+ Kf5 85. Qf8+ Ke5 86. Qb8+ Kd4 87. Qb4+ Ke3 88. Qe1+ Kd3 89. Qb1+ Kd4 90. Qb4+ 1/2-1/2

[Event "Landesliga Sued 0910"]
[Site "Bayern"]
[Date "2009.11.15"]
[Round "2.6"]
[White "Schechter, Dimitriy"]
[Black "Fehmer, Dirk"]
[Result "1/2-1/2"]
[WhiteElo "2067"]
[BlackElo "2009"]
[PlyCount "190"]
[EventDate "2009.10.18"]
[EventType "team-tourn"]
[EventRounds "9"]
[EventCountry "GER"]
[SourceTitle "EXT 2011"]
[Source "ChessBase"]
[SourceDate "2010.11.26"]
[SourceVersion "1"]
[SourceVersionDate "2010.11.26"]
[SourceQuality "1"]
[WhiteTeam "Kriegshaber"]
[BlackTeam "Haunstetten"]
[WhiteTeamCountry "GER"]
[BlackTeamCountry "GER"]

1. d4 Nf6 2. Nf3 d6 3. c4 g6 4. g3 Bg7 5. Bg2 0-0 6. 0-0 c6 7. Nc3 Bg4 8. h3 Bxf3 9. Bxf3 e5 10. dxe5 dxe5 11. Rb1 h6 12. b4 Qe7 13. Qc2 Qe6 14. Ne4 Nxe4 15. Qxe4 Nd7 16. Bg2 f5 17. Qc2 e4 18. Rd1 Nb6 19. c5 Qc4 20. Qxc4+ Nxc4 21. Bf4 g5 22. Bd6 Rf6 23. b5 Nxd6 24. cxd6 c5 25. g4 Rd8 26. gxf5 Rfxd6 27. Rxd6 Rxd6 28. Bxe4 b6 29. Bd3 Rd4 30. Rc1 Be5 31. Kg2 Kg7 32. Rc4 Rxc4 33. Bxc4 Kf6 34. Kf3 Kxf5 35. Bd3+ Kf6 36. Ke4 Bd4 37. e3 Bc3 38. Kd5 Be1 39. f4 gxf4 40. exf4 h5 41. Kc6 h4 42. Kb7 Bd2 43. Kxa7 Ba5 44. Kb7 Ke7 45. Kc6 Kf6 46. Kd5 Be1 47. a4 Bd2 48. Ke4 Bb4 49. Kf3 Bd2 50. Kg4 Be1 51. Bc4 Kg6 52. Bd3+ Kf6 53. Bc4 Kg6 54. Be2 Kf6 55. Bd3 Bd2 56. a5 Bxa5 57. Kxh4 c4 58. Bxc4 Bb4 59. Kg4 Bf8 60. h4 Bg7 61. Kf3 Bf8 62. h5 Bg7 63. Ke4 Bf8 64. Be2 Bg7 65. Bg4 Bf8 66. Bc8 Bg7 67. Kd5 Bh6 68. Ke4 Bf8 69. Bg4 Bg7 70. Bd7 Bf8 71. Kd5 Bh6 72. f5 Be3 73. Ke4 Bh6 74. Be8 Bd2 75. Bg6 Bh6 76. Kd5 Be3 77. Kc6 Kg7 78. Kd7 Kf6 79. Kc7 Kg7 80. Be8 Kf6 81. Bd7 Kg5 82. Kd6 Kf6 83. Kc7 Kg5 84. Kd8 Kf6 85. Ke8 Bh6 86. Be6 Kg7 87. Bc8 Kf6 88. Bd7 Bg7 89. Kd8 Kg5 90. Ke7 Bd4 91. h6 Kxh6 92. f6 Kg6 93. Be8+ Kf5 94. f7 Bc5+ 95. Kd7 Kf6 1/2-1/2

[Event "Regionalliga SW 0809"]
[Site "Bayern"]
[Date "2009.03.15"]
[Round "8.8"]
[White "Schechter, Dimitriy"]
[Black "Epple, Ulrich"]
[Result "1/2-1/2"]
[WhiteElo "2082"]
[BlackElo "1973"]
[PlyCount "81"]
[EventDate "2008.10.05"]
[EventType "team-tourn"]
[EventRounds "9"]
[EventCountry "GER"]
[SourceTitle "EXT 2020"]
[Source "ChessBase"]
[SourceDate "2019.10.17"]
[SourceVersion "1"]
[SourceVersionDate "2019.10.17"]
[SourceQuality "1"]
[WhiteTeam "Kriegshaber"]
[BlackTeam "Tuerkheim"]
[WhiteTeamCountry "GER"]
[BlackTeamCountry "GER"]

1. Nf3 Nf6 2. d4 g6 3. g3 Bg7 4. Bg2 0-0 5. 0-0 d6 6. c4 c5 7. Nc3 Nc6 8. dxc5 dxc5 9. e4 Bg4 10. h3 Bxf3 11. Qxf3 Nd4 12. Qd3 Nd7 13. f4 Nb8 14. Rd1 Nbc6 15. Nd5 e6 16. Ne3 Qe7 17. Bd2 Rad8 18. Qf1 Nb4 19. Bxb4 cxb4 20. Kh2 Qc5 21. e5 b3 22. a3 Nc2 23. Nxc2 bxc2 24. Rxd8 Rxd8 25. Qe2 Rd4 26. Qxc2 Rxc4 27. Qb3 b6 28. Qf3 Rc2 29. b4 Qf2 30. Qxf2 Rxf2 31. Rc1 Ra2 32. Rc3 g5 33. Rd3 Bh6 34. Rf3 gxf4 35. gxf4 a5 36. bxa5 bxa5 37. Kg3 Bf8 38. f5 Rxa3 39. Rxa3 Bxa3 40. fxe6 fxe6 41. Bc6 1/2-1/2

[Event "Regionalliga SW 0809"]
[Site "Bayern"]
[Date "2008.12.14"]
[Round "4.7"]
[White "Koch, Enrico"]
[Black "Schechter, Dimitriy"]
[Result "1/2-1/2"]
[WhiteElo "2011"]
[BlackElo "2082"]
[PlyCount "35"]
[EventDate "2008.10.05"]
[EventType "team-tourn"]
[EventRounds "9"]
[EventCountry "GER"]
[SourceTitle "EXT 2020"]
[Source "ChessBase"]
[SourceDate "2019.10.17"]
[SourceVersion "1"]
[SourceVersionDate "2019.10.17"]
[SourceQuality "1"]
[WhiteTeam "Muenchen Tarrasch II"]
[BlackTeam "Kriegshaber"]
[WhiteTeamCountry "GER"]
[BlackTeamCountry "GER"]

1. Nf3 d5 2. g3 Nf6 3. Bg2 c6 4. 0-0 Bf5 5. c4 Nbd7 6. b3 h6 7. Ba3 e6 8. Bxf8 Nxf8 9. d3 N8d7 10. Nbd2 0-0 11. b4 a6 12. a4 e5 13. b5 axb5 14. axb5 Qe7 15. Qb3 Qd6 16. Qb2 Rfe8 17. Rxa8 Rxa8 18. Ra1 1/2-1/2

[Event "Regionalliga SW 0708"]
[Site "Bayern"]
[Date "2008.04.20"]
[Round "9.6"]
[White "Schechter, Dimitriy"]
[Black "Suess, Stefan1"]
[Result "1-0"]
[WhiteElo "2082"]
[BlackElo "1863"]
[PlyCount "51"]
[EventDate "2007.10.21"]
[EventType "team-tourn"]
[EventRounds "9"]
[EventCountry "GER"]
[SourceTitle "EXT 2009"]
[Source "ChessBase"]
[SourceDate "2008.11.26"]
[SourceVersion "1"]
[SourceVersionDate "2008.11.26"]
[SourceQuality "1"]
[WhiteTeam "Kriegshaber"]
[BlackTeam "Muenchen Schwabing"]
[WhiteTeamCountry "GER"]
[BlackTeamCountry "GER"]

1. Nf3 d5 2. d4 Nf6 3. g3 c6 4. Bg2 Nbd7 5. Nbd2 Qc7 6. 0-0 e5 7. dxe5 Nxe5 8. Nxe5 Qxe5 9. c4 Be7 10. cxd5 Nxd5 11. e4 Nf6 12. Nc4 Qc5 13. b3 0-0 14. Ba3 Qxa3 15. Nxa3 Bxa3 16. Qc2 Be6 17. h3 Be7 18. Rad1 a5 19. f4 g6 20. f5 gxf5 21. exf5 Bd5 22. Bxd5 Nxd5 23. Rxd5 cxd5 24. f6 Bb4 25. Rf4 Rac8 26. Qf5 1-0

[Event "Regionalliga SW 0708"]
[Site "Bayern"]
[Date "2008.04.06"]
[Round "8.7"]
[White "Schechter, Dimitriy"]
[Black "Hoefelsauer, Thomas"]
[Result "1/2-1/2"]
[WhiteElo "2066"]
[BlackElo "2057"]
[PlyCount "110"]
[EventDate "2007.10.21"]
[EventType "team-tourn"]
[EventRounds "9"]
[EventCountry "GER"]
[SourceTitle "EXT 2009"]
[Source "ChessBase"]
[SourceDate "2008.11.26"]
[SourceVersion "1"]
[SourceVersionDate "2008.11.26"]
[SourceQuality "1"]
[WhiteTeam "Kriegshaber"]
[BlackTeam "Muenchen Suedost"]
[WhiteTeamCountry "GER"]
[BlackTeamCountry "GER"]

1. Nf3 Nf6 2. d4 d5 3. g3 e6 4. c4 b6 5. Bg2 Bb7 6. 0-0 Be7 7. Nc3 0-0 8. Ne5 Nbd7 9. Bf4 Ne4 10. Rc1 g5 11. Nxd7 Qxd7 12. Be3 f5 13. cxd5 exd5 14. Nxe4 dxe4 15. f4 g4 16. Qc2 Rac8 17. Rfd1 Bd5 18. b3 Rf6 19. Qb2 Rh6 20. Bd2 Qe8 21. e3 Qf8 22. Rc2 Ba3 23. Qb1 Rc6 24. Rxc6 Bxc6 25. Bf1 Bd5 26. Bc4 Qd6 27. Qc2 a5 28. Bc1 Bxc1 29. Rxc1 c6 30. Bxd5+ Qxd5 31. Qe2 Qf7 32. Qa6 Qc7 33. d5 c5 34. d6 Qc6 35. Qc4+ Kg7 36. Qe6 Re8 37. Qxf5 Qxd6 38. Qxg4+ Kh8 39. Rd1 Qf6 40. Qd7 Re7 41. Qd6 Qf7 42. Qxb6 Rd7 43. Qb8+ Kg7 44. Qe5+ Kg8 45. Rd6 Rxd6 46. Qxd6 Qh5 47. Qe6+ Kf8 48. Qd6+ Kf7 49. Qd2 Qf3 50. Qf2 Qd1+ 51. Kg2 a4 52. bxa4 c4 53. Qb2 Qf3+ 54. Kh3 Qh5+ 55. Kg2 Qf3+ 1/2-1/2

[Event "Regionalliga SW 0708"]
[Site "Bayern"]
[Date "2008.03.09"]
[Round "7.7"]
[White "Schechter, Dimitriy"]
[Black "Gruenke, Paul"]
[Result "1-0"]
[WhiteElo "2066"]
[BlackElo "2048"]
[PlyCount "119"]
[EventDate "2007.10.21"]
[EventType "team-tourn"]
[EventRounds "9"]
[EventCountry "GER"]
[SourceTitle "EXT 2009"]
[Source "ChessBase"]
[SourceDate "2008.11.26"]
[SourceVersion "1"]
[SourceVersionDate "2008.11.26"]
[SourceQuality "1"]
[WhiteTeam "Kriegshaber"]
[BlackTeam "Muenchen Tarrasch II"]
[WhiteTeamCountry "GER"]
[BlackTeamCountry "GER"]

1. d4 Nf6 2. Nf3 g6 3. g3 Bg7 4. Bg2 0-0 5. 0-0 d5 6. c4 c6 7. Nbd2 Na6 8. b3 Re8 9. Bb2 Nc7 10. Ne5 Nd7 11. Re1 Nxe5 12. dxe5 Bg4 13. h3 Be6 14. cxd5 cxd5 15. e4 Qd7 16. exd5 Nxd5 17. Ne4 Rac8 18. Qd2 Red8 19. Kh2 Qb5 20. Bf1 Qb6 21. Bd4 Qb4 22. Red1 Qxd2 23. Rxd2 Nb4 24. Rad1 Nxa2 25. Bxa7 Rxd2 26. Rxd2 Nb4 27. Nc5 Bxe5 28. Nxe6 fxe6 29. Bc4 Nd5 30. Re2 b5 31. Bxb5 Ra8 32. Rxe5 Rxa7 33. Rxe6 Kf7 34. Re5 Nc7 35. Bc4+ Kf6 36. Re2 e5 37. Rd2 Ne8 38. Kg2 Rc7 39. g4 Ng7 40. Kf3 h5 41. Rd6+ Kg5 42. Ke4 hxg4 43. hxg4 Ne8 44. Ra6 Nf6+ 45. Kxe5 Nxg4+ 46. Kd6 Rc8 47. f3 Nh6 48. Ke5 Rc5+ 49. Kd4 Rf5 50. Bd5 Rf8 51. Be4 Nf5+ 52. Kc5 Nh4 53. b4 Nxf3 54. Rxg6+ Kh5 55. Rd6 Ng5 56. Bd5 Nh7 57. b5 Rb8 58. b6 Kg5 59. b7 Nf6 60. Bc6 1-0